Les équipes ayant battu le Brésil en Coupe du Monde - Statistiques

Statistiques générales
  • Ce quiz a été pris 111 fois
    107 depuis la dernière actualisation
  • Le résultat moyen est 11 sur 21
Statistiques - réponses
Années Adversaires scores stade compétition % Correct
2014 Allemagne 1-7 1/2 Finale
92%
1998 France 0-3 Finale
92%
2022 Croatie 1-1 , a.p. 2 tab à 4 1/4 Finale
91%
2018 Belgique 1-2 1/4 Finale
87%
2006 France 0-1 1/4 Finale
82%
2014 Pays-Bas 0-3 Match de Classement
73%
2010 Pays-Bas 1-2 1/4 Finale
72%
2022 Cameroun 0-1 1er Tour
61%
1950 Uruguay 1-2 Finale
53%
1986 France 1-1 a.p. 3 tab à 4 1/4 Finale
50%
1990 Argentine 0-1 1/8eme Finale
47%
1938 Italie 1-2 1/2 Finale
46%
1982 Italie 2-3 2nd Tour
42%
1974 Pays-Bas 0-2 2nd Tour
32%
1998 Norvège 1-2 1er Tour
30%
1954 Hongrie 2-4 1/4 Finale
29%
1966 Hongrie 1-3 1er Tour (pays de 7 lettres)
23%
1974 Pologne 0-1 Match de Classement
23%
1966 Portugal 1-3 1er Tour (pays de 8 lettres)
23%
1934 Espagne 1-3 1/8eme
17%
1930 Yougoslavie 1-2 1er Tour
17%
Aucun quiz correspondant
Distribution des résultats
% des personnes avec chaque résultat
Percentile par nombre de réponses
Votre historique - résultats
Vous n’avez pas pris ce quiz depuis la dernière actualisation